000
00378nam a22001577a 4500
003
MPLRDC
005
20220104150425.0
008
210129b ||||| |||| 00| 0 eng d
082
_a
220.7 SSS
100
_a
释从慈编述
245
_a
佛学基本知识
_c
260
_a
_b
佛陀教育基金会
_c
1989
300
_b
平
650
_a
佛教杂论
942
_c
BK
_o
220.7 SSS
999
_c
51863
_d
51853